Historia breve de la retórica.
Salvato in:
| Autore principale: | |
|---|---|
| Altri autori: | |
| Natura: | Libro |
| Pubblicazione: |
Madrid, España:
Síntesis,
1994.
|
| Serie: | Teoría de la Literatura y Literatura Comparada
|
| Soggetti: | |
| Tags: |
Aggiungi Tag
Nessun Tag, puoi essere il primo ad aggiungerne!!
|
MARC
| LEADER | 00000nam a22000007a 4500 | ||
|---|---|---|---|
| 003 | CL-VaPUC | ||
| 005 | 20220822114823.0 | ||
| 008 | 220805t1994 ||||| |||| 00| 0 eng d | ||
| 999 | |c 438023 |d 438021 | ||
| 020 | |a 84-7738-219-0 | ||
| 040 | |c Pontificia Universidad Católica de Valparaíso | ||
| 082 | 7 | |a 808.009 HER 1994 |2 22 | |
| 100 | 1 | |a Hernández Guerrero, José Antonio |e autor |9 874908 | |
| 245 | |a Historia breve de la retórica. | ||
| 260 | |a Madrid, España: |b Síntesis, |c 1994. | ||
| 300 | |a 222 páginas. | ||
| 490 | |a Teoría de la Literatura y Literatura Comparada |n 10. | ||
| 500 | |a c.1 Donación Familia Prof. Alejandro Guzmán Brito. | ||
| 583 | |c 20220805 |k Catalogador Asistente | ||
| 650 | |a Retórica |x Historia |9 871301 | ||
| 700 | |a García Tejera, María del Carmen |e autora |9 874909 | ||
| 942 | |2 ddc |c BK |n 0 | ||
| 952 | |0 0 |1 0 |2 ddc |4 0 |6 808_009000000000000_HER_1994 |7 0 |8 C_AGB |9 585894 |a BIBDER |b BIBDER |d 2022-08-05 |e Donación |i 5653840 |o 808.009 HER 1994 |p 5653840 |r 2023-01-25 |t 1 |w 2022-08-05 |y BK_US |k AGB | ||